Music Quiz

Random Music or Song Quiz
Score 0/199 Timer 08:00
7 Plays Today
% Correct
I
99.7%
I
99.7%
I
99.7%
I
99.7%
I
99.7%
I
99.7%
I
99.7%
I
99.7%
I
99.7%
I
99.7%
I
99.7%
I
99.7%
I
99.7%
I
99.7%
I
99.7%
I
99.7%
a
99.2%
a
99.2%
a
99.2%
a
99.2%
a
99.2%
a
99.2%
a
99.2%
a
99.2%
a
99.2%
a
99.2%
a
99.2%
a
99.2%
a
99.2%
believer.
98.3%
believer,
98.3%
believer.
98.3%
believer,
98.3%
believer.
98.3%
believer,
98.3%
believer.
98.3%
Believer,
98.3%
I'm
97.7%
I'm
97.7%
I'm
97.7%
I'm
97.7%
I'm
97.7%
I'm
97.7%
I'm
97.7%
I'm
97.7%
I'm
97.7%
I'm
97.7%
I'm
97.7%
her
95.1%
her
95.1%
her
95.1%
her
95.1%
her
95.1%
her
95.1%
her
95.1%
in
93.8%
in
93.8%
in
93.8%
in
93.8%
in
93.8%
in
93.8%
in
93.8%
in
93.8%
in
93.8%
love
93.3%
Love
93.3%
love.
93.3%
% Correct
love
93.3%
love.
93.3%
Love
93.3%
love.
93.3%
the
92.4%
the
92.4%
the
92.4%
the
92.4%
the
92.4%
saw
92%
saw
92%
saw
92%
saw
92%
face,
91.6%
face,
91.6%
face,
91.6%
face,
91.6%
now
90.7%
now
90.7%
Now
90.7%
now
90.7%
now
90.7%
if
90%
if
90%
if
90%
not
89.3%
Not
89.3%
Not
89.3%
Not
89.3%
Not
89.3%
my
89.2%
my
89.2%
my
89.2%
my
89.2%
my
89.2%
my
89.2%
tried.
88.1%
tried.
88.1%
tried.
88.1%
Then
87.7%
Then
87.7%
then
87.7%
couldn't
87.5%
couldn't
87.5%
couldn't
87.5%
mind.
86.9%
mind.
86.9%
mind.
86.9%
mind.
86.9%
was
86.9%
was
86.9%
was
86.9%
was
86.9%
me.
86.7%
me.
86.7%
me.
86.7%
leave
86.5%
leave
86.5%
leave
86.5%
thought
84.8%
thought
84.8%
for
84.5%
for
84.5%
fairy
84.1%
tales;
83.5%
only
83.1%
doubt
82.9%
% Correct
doubt
82.9%
doubt
82.9%
doubt
82.9%
to
82.9%
to
82.9%
trace
82.4%
trace
82.4%
trace
82.4%
trace
82.4%
but
82.3%
of
82.3%
of
82.3%
of
82.3%
of
82.3%
true
79.3%
out
78.8%
out
78.8%
get
77.7%
get
77.7%
get
77.7%
it
77.3%
it
77.3%
else
73.1%
someone
73.1%
way
69.5%
way
69.5%
That's
68%
that's
68%
all
66.7%
All
66.7%
all
66.7%
When
66.1%
dreams.
64.8%
dreams.
64.8%
you
64.3%
is
64%
seemed.
63.2%
seemed.
63.2%
got.
62.1%
got
62.1%
meant
61.6%
or
61.4%
more
60%
more
60%
less
58.3%
less
58.3%
Disappointment
54.7%
Disappointment
54.7%
gave,
53.4%
yeah
53%
rain.
52.1%
sunshine
51.8%
thing.
51.3%
Oh,
51.2%
pain.
50.5%
haunted
50.4%
haunted
50.4%
needed
49.6%
use
49.4%
givin'
47.8%
What's
47.5%
Seems
47.3%
trying?
47.3%
Yes,
27.8%
Said
14.8%
Remove Ads.
Support Sporcle.
Get the best of Sporcle when you Go Orange. This ad-free experience offers more features, more stats, and more fun while also helping to support Sporcle. Thank you for becoming a member.

You're not logged in!

Compare scores with friends on all Sporcle quizzes.
OR
Log In

Show Comments

Extras

Top Quizzes Today


Score Distribution

Your Account Isn't Verified!

In order to create a playlist on Sporcle, you need to verify the email address you used during registration. Go to your Sporcle Settings to finish the process.

Report this User

Report this user for behavior that violates our Community Guidelines.

Details: